01132nam a2200253 i 450000100060000000300090000600500170001500700030003200800390003502000180007408000320009224500940012426000890021830000210030749000630032859400880039160000540047970000440053371000690057783000710064685200220071799900170073995201220075613077ES-MaACL20230906150503.0t|880311s1987 sp ||||0| spa a84-404-0465-4 a860 Unamuno, Miguel de 2.0603aLa poesía de Miguel de Unamuno / cedición a cargo de José Ángel Ascunce Arrieta. aSan Sebastián : bUniversidad de Deusto, Facultad de Filosofía y Letras,c[1987] a375 p ; c22 cm.1 aCuadernos universitarios. Departamento de literatura ; v3 aVolumen homenaje en el cincuentenario de la muerte de Miguel de Unamuno (1936-1986)14aUnamuno, Miguel de,d1864-1936-xPoesía91119891 aAscunce Arrieta, José Ángel.9235532 aUniversidad de Deusto. bFacultad de Filosofía y Letras.971731 aCuadernos universitarios. Departamento de literatura ; v39179413 aES-MaACLjL-20365 c13077d13077 00104070aATENEOMbATENEOMcDEPO2d2008-01-17eSCl0oL-20365p1013317r2023-02-23 00:00:00w2023-02-23yMONOGRAFIA